South Eastern Kenya University

Library Online Public Access Catalogue


What every student should know about writing across the curriculum / (Record no. 9293)

MARC details
000 -LEADER
fixed length control field 00596cam a2200181 a 4500
020 ## - ISBN
Cancelled/invalid ISBN 9780205589138
020 ## - ISBN
International Standard Book Number 0205589138
050 00 - LIBRARY OF CONGRESS CALL NUMBER
Classification Number PE1417
Item Number .V45 2008
100 1# - MAIN ENTRY--Author
Personal name Vernon, Laura,
Dates associated with a name 1970-
245 10 - TITLE
Title What every student should know about writing across the curriculum /
Statement of responsibility, etc Laura Vernon.
260 ## - PUBLICATION, DISTRIBUTION, ETC.(IMPRINT)
Place of publication, distribution, etc New York :
Name of publisher, distributor, etc Pearson Longman,
Date of publication, distribution, etc c2008.
300 ## - PHYSICAL DESCRIPTION
Extent vii, 103 p. ;
650 #0 - SUBJECT--TOPIC
General subdivision Rhetoric
Form subdivision Problems, exercises, etc.
650 #0 - SUBJECT--TOPIC
Form subdivision Problems, exercises, etc.
650 #0 - SUBJECT--TOPIC
Form subdivision Problems, exercises, etc.
856 41 - URL/ELECTRONIC LOCATION AND ACCESS
Uniform Resource Identifier <a href="http://www.loc.gov/catdir/toc/ecip083/2007043615.html">http://www.loc.gov/catdir/toc/ecip083/2007043615.html</a>
942 ## - ADDED ENTRY ELEMENTS(KOHA)
Source of classification or shelving scheme Library of Congress Classification
Koha item type General circulation
Holdings
Source of classification or shelving scheme Not for loan Location (home branch) Sublocation (holding branch) Date accessioned Source of acquisition Full call number Barcode Nonpublic note Koha item type
Library of Congress Classification   Wote Campus Library Wote Campus Library 29/09/2015 Donation books of Africa [WTE] PE 1417 .V45 2008 2015/008544 jm General circulation
Kitui, Kenya.
+254736116989
library@seku.ac.ke